ბათუმის შოთა რუსთაველის სახელმწიფო უნივერსიტეტის ბიბლიოთეკა

Aspekte neu Mittelstufe Deutsch ; (ბიბ.ჩანაწერი № 59313)

000 -LEADER
fixed length control field 00822nam a22002177a 4500
005 - DATE AND TIME OF LATEST TRANSACTION
control field 20230117105200.0
008 - FIXED-LENGTH DATA ELEMENTS--GENERAL INFORMATION
fixed length control field 230117s2017ge xxu||||| |||| 00| 0 ger d
020 ## - INTERNATIONAL STANDARD BOOK NUMBER
International Standard Book Number 9783126050197 X
041 ## - LANGUAGE CODE
Language code of text/sound track or separate title ger
080 ## - UNIVERSAL DECIMAL CLASSIFICATION NUMBER
Universal Decimal Classification number 811.112.1 A-87
245 ## - TITLE STATEMENT
Title Aspekte neu Mittelstufe Deutsch ;
Remainder of title Lehr- und Arbeitsbuch : Teil 2 B1 plus /
Statement of responsibility, etc. Ute Koithan, Helen Schmitz, Tanja Sieber, Ralf Sonntag,
264 ## - PRODUCTION, PUBLICATION, DISTRIBUTION, MANUFACTURE, AND COPYRIGHT NOTICE
Place of production, publication, distribution, manufacture Stuttgart ;
Name of producer, publisher, distributor, manufacturer Ernst klett sprachen,
Date of production, publication, distribution, manufacture, or copyright notice 2017.
300 ## - PHYSICAL DESCRIPTION
Extent 191 p.:
Other physical details Illust;
Dimensions 29 cm.
Accompanying material +1 CD
653 ## - INDEX TERM--UNCONTROLLED
keyword Aspekte neu Mittelstufe Deutsch Lehr- und Arbeitsbuch : Teil 2 B1 plus
653 ## - INDEX TERM--UNCONTROLLED
keyword ასპექტები გერმანული ენა
700 ## - ADDED ENTRY--PERSONAL NAME
Personal name Koithan, Ute
9 (RLIN) 16703
700 ## - ADDED ENTRY--PERSONAL NAME
Personal name Schmitz, Helen
9 (RLIN) 16704
700 ## - ADDED ENTRY--PERSONAL NAME
Personal name Sieber, Tanja
9 (RLIN) 16705
700 ## - ADDED ENTRY--PERSONAL NAME
Personal name Sonntag, Ralf
9 (RLIN) 10081
942 ## - ADDED ENTRY ELEMENTS (KOHA)
Source of classification or shelving scheme
Koha item type წიგნი
ეგზემპლარები
Withdrawn status Lost status Source of classification or shelving scheme Damaged status Not for loan Permanent Location Current Location Shelving location Date acquired Cost, normal purchase price Full call number Barcode Date last seen Copy number Price effective from Koha item type Public note
          ბათუმის შოთა რუსთაველის სახელმწიფო უნივერსიტეტის მთავარი ბიბლიოთეკა ბათუმის შოთა რუსთაველის სახელმწიფო უნივერსიტეტის მთავარი ბიბლიოთეკა წიგნსაცავი 2023-01-17 10.00 811.112.1 A-87 63450 2023-01-17 63450 2023-01-17 წიგნი 10ლ.50თ.